Луцьк у роки нацистської окупації (1941–1944 рр.) (Запис № 460710)
[ простий вигляд ]
| 000 -Лідер | |
|---|---|
| fixed length control field | 02688nam a22002657a 4500 |
| 001 - Контрольний номер | |
| control field | 216218809 |
| 003 - Ідентифікатор контрольного номера | |
| control field | UA-OsUOA |
| 005 - Дата та час останнього входження (трансакції) | |
| control field | 20201229194228.0 |
| 008 - Елементи даних фіксованої довжини – загальна інформація | |
| fixed length control field | 200713b un ||||| m||| 00| 0 ukr d |
| 040 ## - Джерело каталогізації | |
| Агенція оригінальної каталогізації | UA-OsUOA |
| Мова каталогізації | ukr |
| Агенція, яка здійснювала перезапис | UA-OsUOA |
| Агенція, яка здійснювала модифікацію | UA-OsUOA |
| 041 ## - Код мови | |
| Код мови тексту/ звукової доріжки чи окремого заголовка (П) | ukr |
| 080 ## - Індекс Універсальної десяткової класифікації | |
| Індекс Універсальної десяткової класифікації (УДК) (НП) | 97(477.82-2)"1941/1944" |
| 090 ## - Локальний шифр розміщення | |
| Класифікаційний індекс УДК | 97(477.82-2)"1941/1944" |
| 095 ## - Код спеціальності для авторефератів | |
| Код спеціальності | 07.00.01 |
| Назва спеціальності | історія України |
| 100 ## - Основне введення – ім’я особи | |
| Ім’я особи (НП) | Зек Б. М. |
| 245 ## - Відомості про назву | |
| Назва (НП) | Луцьк у роки нацистської окупації (1941–1944 рр.) |
| Дані про відповідальність (НП) | Зек Богдан Миколайович ; наук. керівник Баран Володимир Кіндратович |
| 260 ## - Публікація, розповсюдження і т.п. (Вихідні дані) | |
| Місце публікації, розповсюдження і т.п. (П) | Луцьк |
| Дата публікації, розповсюдження і т.п. (П) | 2016 |
| 300 ## - Фізичний опис | |
| Обсяг | 20 с. |
| 502 ## - Примітка про дисертацію | |
| Зв'язок | Автореферат дисертації на здобуття наукового ступеня кандидата історичних наук<br/> |
| Наймення інституції, що представляється | Східноєвропейський національний університет імені Лесі Українки |
| Рік отримання вченого ступеня | 2016 |
| 520 ## - Резюме і т.п. | |
| Резюме, реферат, анотація, тощо (НП) | У дисертації проведено комплексне дослідження історії Луцька періоду нацистської окупації (1941–1944 рр.). Висвітлено становище міста на початку війни, процес формування органів окупаційної влади і його періодизацію. Розглянуто політику Голокосту, нацистські репресії щодо військовополонених. Досліджено організацію руху Опору і відносин між його течіями. Показано соціально-економічне становище міста, наведено статистичні дані про підприємства, заклади громадського харчування і сфери послуг. Розкрито специфіку й умови їхньої роботи. Проаналізовано релігійні процеси, показано вплив Церкви на громаду міста. Висвітлено становище закладів культури й окупаційну політику в галузі освіти. З’ясовано умови життя в окупованому місті, наведено приклади купівельної спроможності лучан. |
| 650 ## - Додаткове предметне введення – тематичний термін | |
| Джерело заголовка чи терміна | UDC |
| Тематичний термін чи географічна назва, як елемент введення (НП) | 94 Історія |
| 942 ## - Додаткові елементи входу (Коха) | |
| Source of classification or shelving scheme | Universal Decimal Classification |
| Тип елемента Koha | Автореферат |
| 955 ## - Код типу видання за змістом | |
| Код типу видання за змістом (НП) | Наукові видання |
Немає доступних примірників.